'Tis : (Record no. 179131)
[ view plain ]
| 000 -LEADER | |
|---|---|
| fixed length control field | 00737nam a2200241 4500 |
| 001 - CONTROL NUMBER | |
| control field | vtls001765660 |
| 003 - CONTROL NUMBER IDENTIFIER | |
| control field | MY-SjTCS |
| 005 - DATE AND TIME OF LATEST TRANSACTION | |
| control field | 20200226121231.0 |
| 008 - FIXED-LENGTH DATA ELEMENTS--GENERAL INFORMATION | |
| fixed length control field | 110218 00 eng |
| 020 ## - INTERNATIONAL STANDARD BOOK NUMBER | |
| International Standard Book Number | 0006552412 |
| 039 #9 - LEVEL OF BIBLIOGRAPHIC CONTROL AND CODING DETAIL [OBSOLETE] | |
| Level of rules in bibliographic description | 201102181210 |
| Level of effort used to assign nonsubject heading access points | VLOAD |
| Level of effort used to assign subject headings | 200811241753 |
| Level of effort used to assign classification | VLOAD |
| -- | 200407271909 |
| -- | VLOAD |
| 082 04 - DEWEY DECIMAL CLASSIFICATION NUMBER | |
| Classification number | 974.7100491620092 |
| Item number | MAC |
| 100 1# - MAIN ENTRY--PERSONAL NAME | |
| Personal name | McCourt, Frank |
| 9 (RLIN) | 5024 |
| 245 10 - TITLE STATEMENT | |
| Title | 'Tis : |
| Remainder of title | a memoir / |
| Statement of responsibility, etc. | Frank McCourt |
| 250 ## - EDITION STATEMENT | |
| Edition statement | Special overseas ed. |
| 260 ## - PUBLICATION, DISTRIBUTION, ETC. | |
| Place of publication, distribution, etc. | London : |
| Name of publisher, distributor, etc. | Flamingo, |
| Date of publication, distribution, etc. | 2000 |
| 300 ## - PHYSICAL DESCRIPTION | |
| Extent | 384 p. ; |
| Dimensions | 18 cm. |
| 500 ## - GENERAL NOTE | |
| General note | The sequel to Angela's ashes. |
| 600 10 - SUBJECT ADDED ENTRY--PERSONAL NAME | |
| Personal name | McCourt, Frank. |
| 9 (RLIN) | 5024 |
| 650 #0 - SUBJECT ADDED ENTRY--TOPICAL TERM | |
| Topical term or geographic name entry element | Irish Americans |
| Form subdivision | Biography. |
| 9 (RLIN) | 10431 |
| 651 #0 - SUBJECT ADDED ENTRY--GEOGRAPHIC NAME | |
| Geographic name | New York (N.Y.) |
| Form subdivision | Biography. |
| 920 ## - Programme | |
| Programme | GEN : 101138 |
| Withdrawn status | Lost status | Source of classification or shelving scheme | Damaged status | Not for loan | Home library | Current library | Date acquired | Total Checkouts | Barcode | Date last seen | Date last checked out | Copy number | Uniform Resource Identifier | Koha item type | Public note |
|---|---|---|---|---|---|---|---|---|---|---|---|---|---|---|---|
| Dewey Decimal Classification | Taylor's Library-TC | Taylor's Library-TC | 24/03/2009 | 7 | 5000074471 | 12/12/2019 | 05/10/2012 | 1 | Floor 4, Shelf 40 , Side 2, TierNo 6, BayNo 6 | Main Collection | GENxx,GENxx,02,GR |